| 000 | 00720nam a2200205 a 4500 | ||
|---|---|---|---|
| 001 | 000036522 | ||
| 005 | 20200930075758.0 | ||
| 008 | 120119s2001 ag 000 0 spa d | ||
| 020 | _a8449311470 | ||
| 040 |
_aDO-SdBNP _bspa _cBNPHU |
||
| 082 |
_axxxx _bV529i |
||
| 100 | 1 |
_aVernant, Jean-Pierre _962771 |
|
| 240 | 1 | 0 |
_aL´individu, la mort, l´amour _lEspañol |
| 245 | 1 | 3 |
_aEl individuo, la muerte y el amor en la antigua Grecia. / _cJean-Pierre Vernant ; traducción de Javier Palacio. |
| 260 |
_aBuenos Aires : _bPaidós, _c2001. |
||
| 300 |
_a223 p. ; _c24 cm. |
||
| 500 | _aTraducido del francés | ||
| 500 | _aIncluye referencias bibliográfica y notas al pie de la páginas | ||
| 700 | 1 |
_aPalacio, Javier _946339 |
|
| 999 |
_c36013 _d36013 |
||